| 000 | 00549nam a2200181Ia 4500 | ||
|---|---|---|---|
| 008 | 090630s9999 xx 000 0 und d | ||
| 082 | _b12750 | ||
| 100 | _aकाळे वैजयंती. | ||
| 245 |
_aतडा. _cकाळे वैजयंती. |
||
| 260 |
_bराजेंद्र - पुणे. _c1986 |
||
| 300 | _a158 | ||
| 600 | _aकाळे वैजयंती. | ||
| 630 | _aतडा. | ||
| 655 | _aकादंबरी. | ||
| 700 | _aकाळे वैजयंती. | ||
| 730 | _aतडा. | ||
| 942 | _cBOOK | ||
| 999 |
_c264606 _d264606 |
||